La Serbie pour les touristes... - Facile - Statistiques

Statistiques générales
  • Ce quiz a été pris 56 fois
    48 depuis la dernière actualisation
  • Le résultat moyen est 10 sur 20
Statistiques - réponses
Question Indice Réponses Indice facile % Correct
Quelle est la langue officielle ? Serbe
95%
Quelles villes visiter ? B Belgrade
86%
Quelle est la monnaie ? Dinar D
86%
La conduite se fait à droite ou à gauche ? Droite
81%
Dans la capitale y-a-t-il un décalage horaire avec Paris ? (oui/non) Non
81%
Quelles autres langues sont répandues ? H Hongrois
79%
Quelles villes visiter ? N Novi Sad VADONIS
71%
Quelles autres langues sont répandues ? A Anglais
62%
Achats à faire 1/ Eau de vie Rakija
60%
La vitesse est limitée sur autoroute à {130} km/h
57%
Le taux d'alcoolémie toléré au volant est de {0.5} g/l
48%
Quelles autres langues sont répandues ? B Bosnien
48%
Quels sites peut-on visiter ? T Parc {Tara} RATA
38%
Quels sites peut-on visiter ? Z Monastère {Zica} CAIZ
33%
Le suffixe internet est rs
29%
Achats à faire 3/ Chaussures locales Opanci COPAIN
19%
La religion majoritaire est O Orthodoxisme O
17%
Quels sites peut-on visiter ? G Forteresse de {Golubac} CALBUGO
14%
Achats à faire 2/ Tapis de... Pirot TRIOP
10%
Quelles villes visiter ? S Sremski Karlovci CKKMVRISSOLERAI
5%
Aucun quiz correspondant
Distribution des résultats
% des personnes avec chaque résultat
Percentile par nombre de réponses
Votre historique - résultats
Vous n’avez pas pris ce quiz depuis la dernière actualisation